[Event "Alegre op"]
[Site "Alegre"]
[Date "2024.03.08"]
[Round "1"]
[White "Crespo, Antonio Rogerio"]
[Black "Liesenfeld, Marcelo Leonardo"]
[Result "0-1"]
[WhiteElo "2103"]
[BlackElo "1641"]
[PlyCount "51"]
[EventDate "2024.03.08"]
[EventType "swiss"]
[EventRounds "5"]
[EventCountry "BRA"]
[SourceTitle "CB12_2024"]
[SourceDate "2023.10.01"]
[SourceVersion "1"]
[SourceVersionDate "2023.10.01"]
[SourceQuality "1"]

1. d4 Nf6 2. Nc3 d5 3. Bg5 Bf5 4. f3 Nbd7 5. e3 c6 6. Bd3 Bxd3 7. Qxd3 e5 8. Nge2 Be7 9. 0-0 0-0 10. Kh1 h6 11. Bh4 Nh5 12. Bxe7 Qxe7 13. g4 e4 14. fxe4 Nhf6 15. e5 Nxg4 16. Ng3 Qg5 17. Rf5 Qxe3 18. h3 Qxd3 19. cxd3 Ne3 20. Rf2 c5 21. Re1 cxd4 22. Nb5 Nxe5 23. Nxd4 Nxd3 24. Rxe3 Nxf2+ 25. Kg2 Ne4 26. Ngf5 0-1

[Event "Porto Alegre Metropole op"]
[Site "Porto Alegre"]
[Date "2018.05.05"]
[Round "3"]
[White "Liesenfeld, Marcelo Leonardo"]
[Black "Fonseca, Luis Ernesto Serra"]
[Result "1/2-1/2"]
[WhiteElo "1376"]
[BlackElo "1978"]
[PlyCount "154"]
[EventDate "2018.05.04"]
[EventType "swiss"]
[EventRounds "5"]
[EventCountry "BRA"]
[SourceTitle "CBM 184 Extra"]
[Source "ChessBase"]
[SourceDate "2018.06.28"]
[SourceVersion "1"]
[SourceVersionDate "2018.06.28"]
[SourceQuality "1"]

1. e4 e5 2. Nf3 Nc6 3. Bc4 Bc5 4. c3 Nf6 5. d3 0-0 6. 0-0 d6 7. h3 a6 8. Be3 Bxe3 9. fxe3 Na5 10. Bb3 Nxb3 11. Qxb3 b6 12. Nbd2 Nh5 13. Rf2 Kh8 14. d4 Qe7 15. dxe5 dxe5 16. Qd5 Rb8 17. Qxe5 Qxe5 18. Nxe5 Kg8 19. Kh2 Nf6 20. Nc6 Ra8 21. Ne7+ Kh8 22. Nd5 Nxd5 23. exd5 Bb7 24. e4 f6 25. c4 Rfe8 26. Re1 c6 27. Rfe2 Rad8 28. Nf3 Kg8 29. Nd4 Rd6 30. b3 Kf7 31. Nf5 Rd7 32. g4 Re5 33. Nd4 Rd6 34. Rf1 g6 35. h4 h6 36. Kg3 cxd5 37. exd5 Rxe2 38. Nxe2 Rd8 39. Nd4 Re8 40. Kf3 Re5 41. Rf2 h5 42. Re2 hxg4+ 43. Kxg4 Bc8+ 44. Kf4 Rh5 45. Kg3 g5 46. hxg5 Rxg5+ 47. Kf2 Rh5 48. Ke1 Bg4 49. Rf2 Rh6 50. Kd2 Bd7 51. a4 a5 52. Rf3 Rh2+ 53. Kc3 Rh1 54. Nc6 Bxc6 55. dxc6 Rh8 56. b4 Ke6 57. bxa5 bxa5 58. Kd4 Rh5 59. c7 Kd7 60. c8Q+ Kxc8 61. Rxf6 Kc7 62. Re6 Rh1 63. Re5 Kb6 64. c5+ Kc6 65. Re6+ Kd7 66. Rd6+ Kc7 67. Kc4 Rb1 68. Ra6 Rc1+ 69. Kb5 Rb1+ 70. Kxa5 Rc1 71. Kb4 Rb1+ 72. Ka3 Rc1 73. Ra7+ Kc6 74. Kb4 Rb1+ 75. Kc4 Rc1+ 76. Kd4 Rd1+ 77. Ke5 Kxc5 1/2-1/2